000 00984nam a2200289Ia 4500
001 Z_4861
003 CHAP
008 220113s1993 xx 000 0 und d
010 _a167915
040 _cCHAP
090 _aTesis G 1719
100 _aGaytán Guzmán, Leobardo
_947354
245 _aDeterminación de los requerimientos de espacio físico estático y dinámico, estimados a partir de factores alométricos y curvas de crecimiento en cuatro genotipos de cerdos /
_cpor Leobardo Gaytán Guzmán
260 _aChapingo, Méx. :
_bEl autor,
_c1993
300 _a57 h.
502 _aTesis (Ing. Agr. Esp. en Zootecnia) -- UACH. Departamento de Zootecnia
650 _aGanado porcino
_xCrecimiento
_945349
650 _aGanado porcino
_xGenética
_945370
650 _aGanado porcino
_xHábitos y conducta
_945374
650 _aGanado porcino
_xPeso
_945396
901 _aTESIS G 1719
902 _aM
910 _a1993
942 _c2
942 _c2
999 _c167915
_d167915